| 000 | 00000nam 2200000zi 4500 |
| 001 | 9.561370 |
| 003 | CaOODSP |
| 005 | 20230117082107 |
| 007 | cr ||||||||||| |
| 008 | 150406s2006 xxc|||||o f|0| 0 eng d |
| 020 | |a0-662-44507-4 |
| 022 | |a1707-0503 |
| 040 | |aCaOODSP|beng |
| 043 | |an-cn--- |
| 086 | 1 |aCS11-621/51E-PDF |
| 100 | 1 |aBahta, Daniel, |eauthor. |
| 245 | 10|aGift cards : |bthe gift of choice / |cby Daniel Bahta, Rhonda Tsang, Monica Weise. |
| 246 | 10|aGift of choice |
| 264 | 1|bStatistics Canada, |c2006. |
| 300 | |a1 online resource (8 pages) : |bgraph, table. |
| 336 | |atext|btxt|2rdacontent |
| 337 | |acomputer|bc|2rdamedia |
| 338 | |aonline resource|bcr|2rdacarrier |
| 490 | 1 |aAnalysis in brief, |x1707-0503 ; |vNo. 51 |
| 500 | |aAmended (2006/12/05). |
| 590 | |a06-49|b2006-12-08 |
| 690 | 07|aConsumer products|2gcpds |
| 710 | 2 |aStatistics Canada, |eissuing body. |
| 775 | 08|tLes cartes-cadeaux : |w(CaOODSP)9.593970 |
| 830 | #0|aAnalysis in brief (Statistics Canada)|x1707-0503|vNo. 51|w(CaOODSP)9.504715 |
| 856 | 40|ahttp://publications.gc.ca|qPDF|s166 KB|uhttps://publications.gc.ca/collections/Collection/Statcan/11-621-M/11-621-MIE2006051.pdf|yNo. 51 |